Mianzo na Umilikiwaji (Record no. 6155)

000 -LEADER
fixed length control field 00440nam a22001337a 4500
008 - FIXED-LENGTH DATA ELEMENTS--GENERAL INFORMATION
fixed length control field 180430b xxu||||| |||| 00| 0 eng d
082 ## - DEWEY DECIMAL CLASSIFICATION NUMBER
Classification number 200 FER
100 ## - MAIN ENTRY--PERSONAL NAME
Personal name FERCH, Arthur J
245 ## - TITLE STATEMENT
Title Mianzo na Umilikiwaji
Remainder of title Mwongozo wa Kujifunza Biblia kwa watu wazima
Statement of responsibility, etc. Arthur J. Ferch
Medium Swahili
260 ## - PUBLICATION, DISTRIBUTION, ETC. (IMPRINT)
Place of publication, distribution, etc. Tanzania
Name of publisher, distributor, etc. Pacific Press
Date of publication, distribution, etc. 2006
300 ## - PHYSICAL DESCRIPTION
Extent 160p
Dimensions 21cm
650 ## - SUBJECT ADDED ENTRY--TOPICAL TERM
Source of heading or term Muongozo wa Kujifunza Biblia kwa watu wazima
942 ## - ADDED ENTRY ELEMENTS (KOHA)
Source of classification or shelving scheme
Koha item type BOOKS
Holdings
Withdrawn status Lost status Source of classification or shelving scheme Damaged status Not for loan Home library Current library Date acquired Total Checkouts Full call number Barcode Date last seen Price effective from Koha item type
          Mwanza Mwanza 30/04/2018   200 FER 10000001800 30/04/2018 30/04/2018 BOOKS
          Mwanza Mwanza 02/05/2018   200 FER 10000001824 02/05/2018 02/05/2018 BOOKS

IRDP © 2019 :: Managed by IRDP ICT Unit